000 00391nam a2200145Ia 4500
008 240729s9999 xx 000 0 und d
022 _a2050-4373
245 0 _aEfficacy and Mechanism Evaluation
260 _aUnited Kingdom
260 _bNIHR Journals Library
650 _aMedicine
856 _uhttps://doaj.org/toc/a8f8d6a45d4e4dbbb54f68377d4748ca
942 _2ddc
942 _cDOAJEJ
999 _c65846
_d65846
945 _a1
_bMadushi Gamage
_c1
_dMadushi Gamage